000 00384nam a2200157Ia 4500
003 0STCL
008 150530s9999 xx 000 0 und d
040 _aSTCL
_cSTCL
100 _aDorothy Sayers, L.
245 _aGreat short stories of detection mystery and horror part-II
260 _c1952
546 _aEnglish
942 _2ddc
_cBK
999 _c45449
_d45449
005 20220125170650.0